Capital e interés: historia y crítica de las teorías sobre el interés
Guardat en:
| Autor principal: | |
|---|---|
| Format: | Llibre |
| Idioma: | espanyol |
| Publicat: |
Ciudad de México
Fondo de Cultura Económica
1947
|
| Edició: | 1a. ed |
| Col·lecció: | Las Obras Maestras de la Economía
|
| Matèries: | |
| Etiquetes: |
Afegir etiqueta
Sense etiquetes, Sigues el primer a etiquetar aquest registre!
|
MARC
| LEADER | 00000cam a2200000 a 4500 | ||
|---|---|---|---|
| 001 | UCD3124 | ||
| 003 | CL-VaPUC | ||
| 008 | 160526e19470000mx |||||||||||||||||spa|d | ||
| 082 | 0 | 4 | |a 657 |b BOH |2 21 |
| 100 | 0 | |a Bohm-Bawerk, Eugen von |e author |9 586495 | |
| 245 | 1 | 0 | |a Capital e interés: historia y crítica de las teorías sobre el interés |
| 250 | |a 1a. ed | ||
| 300 | |a 629 p | ||
| 942 | |c BK | ||
| 945 | |d 20160526 21:26:00 |a dcastane | ||
| 260 | |a Ciudad de México |b Fondo de Cultura Económica |c 1947 | ||
| 650 | 0 | |a Capital |9 263726 | |
| 650 | 0 | |a Interés |9 336484 | |
| 583 | |a last modification |c 20170321 09:29:16 |k Rodrigo Vera | ||
| 490 | 0 | |a Las Obras Maestras de la Economía | |
| 999 | |c 364188 |d 364186 | ||
| 952 | |0 0 |1 0 |3 erb |4 0 |6 657_000000000000000_BOH_1947 |7 0 |8 A |9 477132 |a FDOHBE |b FDOHBE |e Villagrán Garnham, Jorge |i 5304733 |o 657 BOH 1947 |p 5304733 |r 2024-01-30 |w 2019-11-24 |y BK |z Catalogado en:20160526 |k HBE | ||